000 00537nam a2200145 a 4500
008 150617s2012 ||||||||||||||||| || u
020 _a9780241969175
050 _aQL 791 DRA
100 _aDrayson, Nicholas
245 1 2 _aA guide to the beasts of East Africa
_cby Nicholas Drayson
260 _aLondon
_bPenguin Books
_c2012
300 _a264p.
650 _aBEASTS -- EAST AFRICA
995 _FCBU-MAIN LIBRARY (Kitwe)
_M1
_UAVAILABLE
_WOct 14, 2015
_ZMain Library Open Access Collection
999 _c45124
_d45124